000 00429nam a22001697a 4500
003 NUST - PNEC
005 20170116181058.0
008 151002b xxu||||| |||| 00| 0 eng d
020 _a8172244576
040 _cLIBRARY
082 _a828.91402 GOL
100 _912172
_aGoldstein-Jackson
245 _aThe public speaker's joke book
_cJackson Goldstein
260 _c1997
650 _912175
_aWit and humor
942 _2ddc
_cBK
999 _c68636
_d68636